| 000 | 00435pab a2200145 454500 | ||
|---|---|---|---|
| 008 | 180718b1988 xxu||||| |||| 00| 0 eng d | ||
| 100 | _aMatthews, Trevor | ||
| 245 |
_aVitally important allies ? the role of interest groups in government decision making _bA review essay |
||
| 260 | _c1988 | ||
| 300 | _a147-63 | ||
| 362 | _aJan. | ||
| 650 | _aPressure Groups | ||
| 773 | _aAustralian Journal of Public Adminstration | ||
| 909 | _a16363 | ||
| 999 |
_c16363 _d16363 |
||